000 00273nam a2200121Ia 4500
008 191201s2019 xx 000 0 und d
100 _aAASARAM
245 0 _aPanchamart
260 _aN. Delhi
_bYog Vedant Samiti
300 _a432
650 _aGeneral Books
942 _2ddc
_cBK
999 _c719
_d719